LEADER 01487nam a2200301 i 4500 001 000000339787 003 CaOOAMICUS 005 20210111115720.0 008 200311s2017 it a u000 u ita u 013 $a222313 020 $a978-88-89667-75-0 040 $aSeMil$bita 100 1 $aPorfirios Kafsokalyvitis,$c.$0(OLS)http://semarc/name/111119 245 10$aVita e detti di san Porfirio :$bperché tutti siano uno /$ccon un messaggio del Patriarca ecumenico Bartolomeo 1. e l'introduzione dell'archimandrita Basilio di Ivríon. 264 1$aRoma :$bLipa,$c2017. 300 $aXV, 258 p., [3] carte di tav. :$bill. ;$c24 cm 650 4$aPorfirio : di Kafsokalyvia .$0(OLS)http://semarc/subject/49094 700 0 $aBasilio : di Ivíron,$eautore di introduzione.$0(OLS)http://semarc/name/49454 700 1 $aBartholomaeus .$0(OLS)http://semarc/name/77133 830 3$aIl mantello di Elia ;$v7.$0(OLS)http://semarc/title/9227 850 $aSeMil 852 $aSeMil$W1$xVenegono$y1$m3H VI 352$j220131$B232304$CSeMilBibl$Z2$F232304 $81 900 1 $aPorfirio : di Kavsokalyvia. 996 $6020$a978-88-89667-75-0$9(OLS)http://semarc/number/290128 996 $6245$aVita e detti di san Porfirio :$bperché tutti siano uno$9(OLS)http://semarc/title/428722 996 $6264$aRoma :$bLipa$9(OLS)http://semarc/publisher/31573 LEADER 01071nam a2200229 i 4500 001 000000222497 003 CaOOAMICUS 005 20130917000000.0 008 130917s1990 it u000 u ita u 013 $a201394 040 $aSeMil$bita 245 10$aEpistemologia e teologia della fede nel dibattito contemporaneo /$cprof. A. Bertuletti. 260 $aMilano :$b[s.n.],$c1990. 300 $a147 c. ;$c29 cm. 500 $aIn testa al front : Facoltà Teologica dell'Italia Settentrionale. Anno Accademico 1989-1990. Ciclo di specializzazione Teologia fondamentale. - Fotocopie delle dispense del corso. 650 4$aDispense scolastiche.$0(OLS)http://semarc/subject/526 650 4$aEpistemologia teologica.$0(OLS)http://semarc/subject/5777 850 $aSeMil 852 $aSeMil$W1$xVenegono$y1$m6X II 34$j172843$B172843$CSeMilBibl$Z2$F183180 $8B 961 $aOmaggio: Donazione 996 $6245$aEpistemologia e teologia della fede nel dibattito contemporaneo$9(OLS)http://semarc/title/318935 996 $6260$aMilano :$b[s.n.]$9(OLS)http://semarc/publisher/29709